Pierre Charpin : (Record no. 104524)
[ view plain ]
| 000 -LEADER | |
|---|---|
| fixed length control field | 01357cam a2200289 a 4500 |
| 001 - CONTROL NUMBER | |
| control field | vtls003214919 |
| 003 - CONTROL NUMBER IDENTIFIER | |
| control field | MY-SjTCS |
| 005 - DATE AND TIME OF LATEST TRANSACTION | |
| control field | 20200226113141.0 |
| 008 - FIXED-LENGTH DATA ELEMENTS--GENERAL INFORMATION | |
| fixed length control field | 110218s2009 sz a 000 0 eng d |
| 020 ## - INTERNATIONAL STANDARD BOOK NUMBER | |
| International Standard Book Number | 9783764399566 (pbk.) |
| 020 ## - INTERNATIONAL STANDARD BOOK NUMBER | |
| International Standard Book Number | 3764399562 (pbk.) |
| 039 #9 - LEVEL OF BIBLIOGRAPHIC CONTROL AND CODING DETAIL [OBSOLETE] | |
| Level of rules in bibliographic description | 201103221831 |
| Level of effort used to assign nonsubject heading access points | shuhada |
| Level of effort used to assign subject headings | 201103221824 |
| Level of effort used to assign classification | shuhada |
| Level of effort used to assign subject headings | 201102181618 |
| Level of effort used to assign classification | VLOAD |
| -- | 201012171745 |
| -- | malathy |
| 041 0# - LANGUAGE CODE | |
| Language code of text/sound track or separate title | fre |
| -- | eng |
| 043 ## - GEOGRAPHIC AREA CODE | |
| Geographic area code | e-fr--- |
| 082 04 - DEWEY DECIMAL CLASSIFICATION NUMBER | |
| Classification number | 745.4 |
| Item number | CHA 2009 |
| 100 1# - MAIN ENTRY--PERSONAL NAME | |
| Personal name | Charpin, Pierre. |
| 9 (RLIN) | 51194 |
| 245 10 - TITLE STATEMENT | |
| Title | Pierre Charpin : |
| Remainder of title | entre les vases : amidst the vases / |
| Statement of responsibility, etc. | [concept of the exhibition and catalogue, Pierre Charpin ; with the collaboration of Frank Baumgartner ... et al. ; translations, French-English, Margie Mounier ; English-French, (text, A. Koivu), Marielle Larré]. |
| 260 ## - PUBLICATION, DISTRIBUTION, ETC. | |
| Place of publication, distribution, etc. | Basel, Switzerland : |
| Name of publisher, distributor, etc. | Birkhäuser Verlag, |
| Date of publication, distribution, etc. | c2009. |
| 300 ## - PHYSICAL DESCRIPTION | |
| Extent | 141 p. : |
| Other physical details | ill. (some col.) ; |
| Dimensions | 22 cm. |
| 500 ## - GENERAL NOTE | |
| General note | "This book appears on the occasion of the exhibition of the same name, presented from March 4th to June 1st 2009 at mudac in Lausanne"--Colophon. |
| 546 ## - LANGUAGE NOTE | |
| Language note | Text in French and English. |
| 600 10 - SUBJECT ADDED ENTRY--PERSONAL NAME | |
| Personal name | Charpin, Pierre |
| Form subdivision | Exhibitions. |
| 650 #0 - SUBJECT ADDED ENTRY--TOPICAL TERM | |
| Topical term or geographic name entry element | Design |
| Geographic subdivision | France |
| General subdivision | History |
| Chronological subdivision | 21st century |
| Form subdivision | Exhibitions. |
| 700 1# - ADDED ENTRY--PERSONAL NAME | |
| Personal name | Baumgartner, Frank. |
| 9 (RLIN) | 51195 |
| 710 2# - ADDED ENTRY--CORPORATE NAME | |
| Corporate name or jurisdiction name as entry element | Musée de design et d'arts appliqués contemporains. |
| 9 (RLIN) | 51196 |
| 920 ## - Programme | |
| Programme | SOD : 158259 |
| Withdrawn status | Lost status | Source of classification or shelving scheme | Damaged status | Not for loan | Home library | Current library | Date acquired | Cost, normal purchase price | Total Checkouts | Barcode | Date last seen | Copy number | Uniform Resource Identifier | Cost, replacement price | Koha item type | Public note |
|---|---|---|---|---|---|---|---|---|---|---|---|---|---|---|---|---|
| Dewey Decimal Classification | Taylor's Library-TU | Taylor's Library-TU | 05/01/2011 | 99.56 | 5000111087 | 05/12/2019 | 1 | Floor 4, Shelf 32 , Side 1, TierNo 3, BayNo 6 | 99.56 | Main Collection | TDSxx,29003,02,GR |